| 000 | 00828nam a2200193Ia 4500 | ||
|---|---|---|---|
| 008 | 130821s xx gs mul | ||
| 040 |
_aCo-BoUCM _bspa |
||
| 041 | _aspa°eng°por°fre | ||
| 092 | _aCV 0089 | ||
| 092 | _aDVD 1131 | ||
| 245 | 1 | 0 |
_aTécnica frente a las objeciones _c[videograbación] |
| 260 |
_a[Lugar desconocido] _b[Editorial desconocida] _c[fecha desconocida] |
||
| 300 |
_a1 videocasete beta 22 min. - vhs _e1 DVD |
||
| 500 | _aPara poder salir con éxito de las objeciones, es necesario, que el vendedor las domine. -- Objeción - apoyo. -- Conformidad y contraataque. -- preveer la objeción. -- Retrasar la respuesta. -- Negación de objeciones | ||
| 650 | 0 | 4 |
_9435 _aAdministración de empresas |
| 650 | 0 | 4 |
_aServicio al cliente _924256 |
| 650 | 0 | 4 |
_aVentas _926141 |
| 942 |
_cMULTIMEDIA _2LOCAL _a16 _e1 |
||
| 999 |
_c18954 _d18954 |
||